000 00616nam a2200157 a 4500
001 000021099
005 20200930011232.0
008 100831s2015 dr 000 0 spa d
040 _aDO-SdBNP
_bspa
_cBNPHU
082 _axxxxx
_bxxxxx
100 1 _aTineo Durán, Jeannette del Carmen
_944119
245 1 0 _aMujeres y hombres jóvenes: actuando colectivamente en caminos para la igualdad de género en la República Dominicana :
_bguía de capacitación /
_cJeannette del Carmen Tineo Durán.
260 _aSanto Domingo :
_bCE-MUJER,
_c2015.
300 _a130 p. :
_bil. ;
_c28 cm.
504 _aBibliografías : p. 109-111
999 _c20601
_d20601